MARC

LEADER 00000nam0a2200000 4500
001 334946
005 20231102004714.0
035 |a (RuTPU)RU\TPU\book\361266 
090 |a 334946 
100 |a 20170911d1956 k y0rusy50 ca 
101 0 |a rus 
102 |a RU 
105 |a a z 001zy 
200 1 |a Амперометрическое определение таллия анодным бромидным методом  |e отдельный оттиск  |f О. А. Сонгина, А. П. Войлошникова 
210 |a Москва  |c [Б. и.]  |d 1956 
215 |a 6 с.  |c ил. 
225 1 |a Заводская лаборатория  |v № 1 
225 1 |a Химические методы анализа 
320 |a Библиогр. в тексте 
606 1 |a Таллий  |x Определение  |2 stltpush  |3 (RuTPU)RU\TPU\subj\58528  |9 76311 
606 1 |a Титрование амперометрическое  |2 stltpush  |3 (RuTPU)RU\TPU\subj\60752  |9 77981 
610 1 |a аналитическая химия 
610 1 |a неорганическая химия 
610 1 |a амперометрическое определение 
610 1 |a анодные бромидные методы 
610 1 |a окислительно-восстановительные системы 
610 1 |a анодное окисление 
610 1 |a восстановление 
610 1 |a микроэлектроды 
610 1 |a оттиски 
610 1 |a библиотека А. Г. Стромберга 
675 |a 543.553  |v 4 
675 |a 546.683  |v 4 
700 1 |a Сонгина  |b О. А. 
701 1 |a Войлошникова  |b А. П. 
801 1 |a RU  |b 63413507  |c 20170911 
801 2 |a RU  |b 63413507  |c 20171213  |g RCR 
942 |c BK